Mozart (Record no. 160301)

MARC details
000 -LEADER
campo de control de longitud fija 00871nam a22002055i 4500
001 - NÚMERO DE CONTROL
campo de control 160301
003 - IDENTIFICADOR DE NÚMERO DE CONTROL
campo de control ES-MaACL
005 - FECHA Y HORA DE LA ÚLTIMA TRANSACCIÓN
campo de control 20251015150358.0
008 - DATOS DE LONGITUD FIJA--INFORMACIÓN GENERAL
campo de control de longitud fija 981118s1857 fr |||| | fre d
040 ## - FUENTE DE CATALOGACIÓN
Centro catalogador/agencia de origen CCPB | B
Lengua de catalogación spa
Centro/agencia transcriptor CCPB | B
100 1# - ENTRADA PRINCIPAL--NOMBRE DE PERSONA
Nombre de persona Mozart, Wolfgang Amadeus,
Fechas asociadas al nombre 1756-1791
9 (RLIN) 240565
245 10 - MENCIÓN DEL TÍTULO
Título Mozart
Resto del título : vie d'un artiste chrétien au XVIII siècle : extraite de sa correpondance authentique /
Mención de responsabilidad, etc. traduits et publiée pour la première fois en français par I. Goschler.
260 ## - PUBLICACIÓN, DISTRIBUCIÓN, ETC.
Lugar de publicación, distribución, etc. Paris :
Nombre del editor, distribuidor, etc. Charles Douniol,
Fecha de publicación, distribución, etc. 1857 (
Fabricante Imprimerie Bailly, Divry et C\pe\s)
300 ## - DESCRIPCIÓN FÍSICA
Extensión VIII, 351 p. ;
Dimensiones 19 cm.
600 #0 - PUNTO DE ACCESO ADICIONAL DE MATERIA--NOMBRE DE PERSONA
Nombre de persona Mozart, Wolfgang Amadeus,
Fechas asociadas al nombre 1756-1791-
Subdivisión general Biografías
9 (RLIN) 223460
700 1# - ENTRADA AGREGADA--NOMBRE PERSONAL
Nombre de persona Goschler, Isidore,
Fechas asociadas al nombre 1804-1866
9 (RLIN) 127488
852 ## - LOCALIZACIÓN
Ubicación ES-MaACL
Número de control de estantería G-9877
Nota libre -- Enc. hol.
852 ## - LOCALIZACIÓN
Ubicación ES-MaACL
Número de control de estantería D-2699
Nota libre -- Enc. hol.
Holdings
Estatus retirado Estado de pérdida Estado de daño No para préstamo Colección Biblioteca de origen Biblioteca actual Ubicación en estantería Fecha de adquisición Fuente de adquisición Total de préstamos Signatura topográfica completa Código de barras Visto por última vez Precio de reemplazo Tipo de ítem Koha
        Libros del s. XIX Biblioteca del Ateneo de Madrid Biblioteca del Ateneo de Madrid Sala Valle Inclán 17/01/2008     D-2699 901167848 23/02/2023 23/02/2023 Libro impreso antiguo
        Libros del s. XIX Biblioteca del Ateneo de Madrid Biblioteca del Ateneo de Madrid Sala Pecera Planta 3 17/01/2008     G-9877 1167847 23/02/2023 23/02/2023 Libro impreso antiguo